Library of the University of Algiers 3
Ibrahim Sultan Cheibout
شعار جامعة الجزائر 3
مكتبة جامعة الجزائر 3
إبراهيم سلطان شيبوط

محاسبة البنوك / (رقم التسجيلة. 45221)

تفاصيل مارك
000 -LEADER
fixed length control field 01227nam a2200241Ia 4500
003 - CONTROL NUMBER IDENTIFIER
control field Ost
005 - DATE AND TIME OF LATEST TRANSACTION
control field 20260507075632.0
008 - FIXED-LENGTH DATA ELEMENTS--GENERAL INFORMATION
fixed length control field 260507s9999||||xx |||||||||||||| ||und||
020 ## - INTERNATIONAL STANDARD BOOK NUMBER
International Standard Book Number 905069957
040 ## - CATALOGING SOURCE
Transcribing agency fsecg
041 ## - LANGUAGE CODE
Language code of text/sound track or separate title ara
082 ## - DEWEY DECIMAL CLASSIFICATION NUMBER
Classification number 657.8333
100 ## - MAIN ENTRY--PERSONAL NAME
Personal name شقير، فائق
Relator term مؤلف
245 #0 - TITLE STATEMENT
Title محاسبة البنوك /
Statement of responsibility, etc. فائق شقير
260 ## - PUBLICATION, DISTRIBUTION, ETC.
Place of publication, distribution, etc. الأردن:
Name of publisher, distributor, etc. دار المسيرة,
Date of publication, distribution, etc. 2000
300 ## - PHYSICAL DESCRIPTION
Extent 364 صفحة؛
Dimensions 24 سم
504 ## - BIBLIOGRAPHY, ETC. NOTE
Bibliography, etc. note المراجع ص.364
520 ## - SUMMARY, ETC.
Summary, etc. تجد في هذا الكتاب الجهاز المصرفي ، قسم الخزينة ، قسم الحسابات الجارية ،قسم لودائع ،السلف والقروض ،قسم الكفالات، الكفالات وخطبات الضمان ،الإعتمادات وبوالص التحصيل ، قسم الحوالات ،قسم العمليات الخارجية ، قسم الأوراق الخارجية ، قسم الأوراق المالية ، قسم الحاسبات العامة ،الإشراف والرقابة ، البنوك والمصارف الإسلامية
653 ## - INDEX TERM--UNCONTROLLED
Uncontrolled term الأوراق المالية
653 ## - INDEX TERM--UNCONTROLLED
Uncontrolled term البنوك
653 ## - INDEX TERM--UNCONTROLLED
Uncontrolled term المحاسبة
942 ## - ADDED ENTRY ELEMENTS (KOHA)
Koha item type كتب
المقتنيات
Withdrawn status Lost status Source of classification or shelving scheme Damaged status Not for loan Home library Current library Date acquired Serial enumeration / chronology Inventory number Total checkouts Full call number Barcode Date last seen Price effective from Koha item type
    Dewey Decimal Classification   NOT LOAN / إعارة داخلية مكتبة كلية العلوم الإقتصادية والعلوم التجارية وعلوم التسيير مكتبة كلية العلوم الإقتصادية والعلوم التجارية وعلوم التسيير 07/05/2026 الطابق الأرضي 719/1   أ/719ن1 719/1 07/05/2026 07/05/2026 كتب
    Dewey Decimal Classification   Available مكتبة كلية العلوم الإقتصادية والعلوم التجارية وعلوم التسيير مكتبة كلية العلوم الإقتصادية والعلوم التجارية وعلوم التسيير 07/05/2026 الطابق الأرضي 719/2   أ/719ن2 719/2 07/05/2026 07/05/2026 كتب
    Dewey Decimal Classification   Available مكتبة كلية العلوم الإقتصادية والعلوم التجارية وعلوم التسيير مكتبة كلية العلوم الإقتصادية والعلوم التجارية وعلوم التسيير 07/05/2026 الطابق الأرضي 719/3   أ/719ن3 719/3 07/05/2026 07/05/2026 كتب
    Dewey Decimal Classification   Available مكتبة كلية العلوم الإقتصادية والعلوم التجارية وعلوم التسيير مكتبة كلية العلوم الإقتصادية والعلوم التجارية وعلوم التسيير 07/05/2026 الطابق الثاني 719/4   أ/719ن4 719/4 07/05/2026 07/05/2026 كتب
    Dewey Decimal Classification   Available مكتبة كلية العلوم الإقتصادية والعلوم التجارية وعلوم التسيير مكتبة كلية العلوم الإقتصادية والعلوم التجارية وعلوم التسيير 07/05/2026 الطابق الثاني 719/5   أ/719ن5 719/5 07/05/2026 07/05/2026 كتب

موارد الويب المفتوحة


© University of Algiers 3 All Rights Reserved
|
Implemented by LECHELAH Riad